000 00668nam a2200181 i 4500
001 44751
003 ES-MaACL
005 20230906161104.0
007 t|
008 030324s1977 sp ||||1| spa d
100 1 _aCliment Barber, José.
_939257
245 1 0 _aJuan Bautista Comes y su tiempo
_b: estudio biográfico /
_cJosé Climent Barbe, Joaquín Piedra Miralles.
260 _aMadrid :
_bDirección General del Patrimonio Artístico y Cultural,
_c1977.
300 _a259 p. ;
_c24 cm.
700 1 _aPiedra Miralles, Joaquín.
_991904
710 1 _aEspaña.
_bDirección General del Patrimonio Artístico y Cultural.
_93790
852 _aES-MaACL
_jA-7754
_bR.96658
999 _c44751
_d44751